Library Banner

Aurat aur Islami taleem/ (Record no. 96267)

MARC details
000 -LEADER
fixed length control field 00380nam a22001457a 4500
005 - DATE AND TIME OF LATEST TRANSACTION
control field 20170802154014.0
008 - FIXED-LENGTH DATA ELEMENTS--GENERAL INFORMATION
fixed length control field 170802b xxu||||| |||| 00| 0 eng d
040 ## - CATALOGING SOURCE
Transcribing agency PK-LaUMT
082 ## - DEWEY DECIMAL CLASSIFICATION NUMBER
Classification number ZIAC 297.082
Item number MAL-A
100 ## - MAIN ENTRY--PERSONAL NAME
Personal name Malik Ram
245 ## - TITLE STATEMENT
Title Aurat aur Islami taleem/
Statement of responsibility, etc Malik Ram
260 ## - PUBLICATION, DISTRIBUTION, ETC. (IMPRINT)
Place of publication, distribution, etc نی دہلی:
Name of publisher, distributor, etc مکبتہ جامعہ،
Date of publication, distribution, etc 1989
300 ## - PHYSICAL DESCRIPTION
Extent 192 ص
942 ## - ADDED ENTRY ELEMENTS (KOHA)
Koha item type Books
Holdings
Withdrawn status Lost status Damaged status Home library Current library Date acquired Full call number Barcode Date last seen Price effective from Koha item type
      UMT Main Campus UMT Main Campus 2017-08-02 ZIAC 297.082 MAL-A 111928 2017-08-02 2017-08-02 Books